Sports Quiz

Random Sports or College Quiz

Every College Rivalry with a Name Quiz Stats

 Plays Quiz not verified by Sporcle

Challenge
Share
Tweet
Embed
Score 0/136 Timer 20:00
0 Plays Today
% Correct
Georgia Tech v. Virginia Tech
77.4%
Duke v. North Carolina
67.7%
Oklahoma v. Texas
61.3%
Michigan v. Ohio State
58.1%
Harvard v. Yale
54.8%
Providence v. Rhode Island
51.6%
Illinois v. Ohio State
51.6%
Minnesota v. Wisconsin
51.6%
Kansas v. Kansas State
48.4%
Oklahoma v. Oklahoma State
48.4%
Iowa v. Iowa State
48.4%
Georgetown v. Howard
45.2%
Marquette v. Milwaukee
45.2%
Texas v. Texas A&M
45.2%
Arizona v. Arizona State
45.2%
California v. Stanford
45.2%
Nevada v. UNLV
41.9%
Virginia v. Virginia Tech
38.7%
Michigan v. Minnesota
38.7%
Oregon v. Oregon State
38.7%
Washington v. Washington State
38.7%
North Dakota State v. South Dakota State
38.7%
Alabama v. Auburn
38.7%
Florida v. Georgia
38.7%
Kentucky v. Louisville
38.7%
North Carolina v. Virginia
35.5%
Air Force v. Colorado State
35.5%
St. Joe's v. Villanova
32.3%
La Salle v. St. Joe's v. Temple v. UPenn v. Villanova
32.3%
Florida State v. Virginia
29%
Clemson v. North Carolina State
29%
Cincinnati v. Xavier
29%
Illinois v. Northwestern
29%
Indiana v. Purdue
29%
Mississippi v. Mississippi State
29%
Air Force v. Army v. Navy
29%
Maryland v. Virginia
25.8%
Kansas v. Missouri
25.8%
Clemson v. Florida State
25.8%
Georgia v. Georgia Tech
25.8%
Colorado v. Colorado State
25.8%
BYU v. Utah
25.8%
Michigan v. Michigan State
22.6%
Boston College v. Notre Dame
22.6%
Notre Dame v. USC
22.6%
Pittsburgh v. West Virginia
22.6%
% Correct
Butler v. Valparaiso
19.4%
Illinois v. Purdue
19.4%
UCLA v. USC
19.4%
Michigan State v. Notre Dame
19.4%
Albany v. Siena
19.4%
Alabama v. Tennessee
19.4%
Aurbun v. Georgia
19.4%
Boston College v. Boston University v. Harvard v. Northeastern
19.4%
SMU v. TCU
16.1%
Notre Dame v. Purdue
16.1%
Arkansas v. LSU
16.1%
Marshall v. West Virginia
16.1%
Iowa v. Minnesota
12.9%
Baylor v. Texas A&M
12.9%
Long Island v. St. Francis (NY)
12.9%
Cincinnati v. Louisville
12.9%
Maryland v. Navy
12.9%
Indiana v. Michigan State
9.7%
Michigan State v. Penn State
9.7%
Drake v. Northern Iowa
9.7%
Cincinnati v. Pittsburgh
9.7%
LSU v. Mississippi
9.7%
LSU v. Tulane
9.7%
Minnesota v. Penn State
6.5%
Texas v. Texas Tech
6.5%
Notre Dame v. Stanford
6.5%
Illinois v. Missouri
6.5%
Akron v. Kent State
6.5%
Fordham v. Manhattan
6.5%
UConn v. UMass
6.5%
Alabama A&M v. Alabama State
6.5%
Florida v. Miami (FL)
6.5%
Indiana v. Kentucky
6.5%
Kentucky v. Tennessee
6.5%
Louisiana-Lafayette v. Louisiana-Monroe
6.5%
Virginia Tech v. West Virginia
6.5%
Idaho v. Washington State
6.5%
New Mexico v. New Mexico State
6.5%
Boston College v. Clemson
3.2%
Iowa v. Wisconsin
3.2%
Kansas State v. Texas
3.2%
Iowa State v. Missouri
3.2%
Colorado v. Utah
3.2%
Cincinnati v. Miami (OH)
3.2%
Houston v. Rice
3.2%
Texas State v. UT San Antonio
3.2%
% Correct
Lafayette v. Lehigh
3.2%
Amherst v. Williams
3.2%
Boston College v. UMass
3.2%
Alabama State v. Tuskegee
3.2%
Appalachian State v. Western Carolina
3.2%
Arkansas v. Mississippi
3.2%
Belmont v. Lipscomb
3.2%
Bethune-Cookman v. Florida A&M
3.2%
Charlotte v. Davidson
3.2%
The Citadel v. VMI
3.2%
Jackson State v. Tennessee State
3.2%
Louisiana Tech v. Southern Mississippi
3.2%
Montana v. Montana State
3.2%
Utah v. Utah State
3.2%
Albany v. Binghamton
0%
Richmond v. William & Mary
0%
Delaware v. Villanova
0%
Columbia v. Fordham
0%
Bradley v. Illinois State
0%
Creighton v. Drake
0%
Miami (OH) v. Ohio
0%
Dayton v. Xavier
0%
Bowling Green v. Toledo
0%
Rice v. Tulsa
0%
Sam Houston State v. Stephen F. Austin
0%
Rice v. SMU
0%
Northwestern State v. Stephen F. Austin
0%
Princeton v. Rutgers
0%
Marist v. Siena
0%
Rensselear (RPI) v. Union
0%
Ithaca v. SUNY Cortland
0%
Duquesne v. Pittsburgh
0%
Boston College v. Boston University
0%
Maine v. New Hampshire
0%
New Hampshire v. UMass
0%
Alcorn State v. Jackson State
0%
East Carolina v. North Carolina State
0%
Elon v. UNC Greensboro
0%
Marshall v. Ohio
0%
Memphis v. Southern Mississippi
0%
Richmond v. VCU
0%
Boise State v. Fresno State
0%
Idaho v. Montana
0%
Colorado State v. Wyoming
0%

You're not logged in!

Compare scores with friends on all Sporcle quizzes.
Join for Free
OR
Log In

You Might Also Like...

Show Comments

Extras

Created Mar 1, 2014SourceReportNominate
Tags:College Quiz, rival

Top Quizzes Today


Score Distribution

Your Account Isn't Verified!

In order to create a playlist on Sporcle, you need to verify the email address you used during registration. Go to your Sporcle Settings to finish the process.

Report this User

Report this user for behavior that violates our Community Guidelines.

Details: